Encuentros con la Historia

Bibliographic Details
Main Author: Vannini, Margarita
Format: Section = Libro
Language:Undetermined
Spanish
Published: Nicaragua Tilde 1995
Subjects:
LEADER 00529nam a2200205Ia 4500
008 240830s9999 xx 000 0 und d
040 |a B-ESTELÍ- RUACS / 900 V269 
041 |a spa 
082 |a 900 V269 
100 1 |a Vannini, Margarita 
245 1 0 |a Encuentros con la Historia 
260 |a Nicaragua  |b Tilde  |c 1995 
300 |a 370 p:il 
650 7 |a CENTROAMERICA 
650 7 |b  HISTORIA 
650 7 |c  NICARAGUA - HISTORIA 
650 7 |d  CENTROAMERICA - HISTORIA, 1492 - 1979. 
942 |c BK  |2 ddc 
991 |a TEXTO 
999 |c 11657